ბათუმის შოთა რუსთაველის სახელმწიფო უნივერსიტეტის ბიბლიოთეკა

კორნელი კეკელიძის პირადი არქივის აღწერილობა = Описание личного архива К.С.Кекелидзе / (ბიბ.ჩანაწერი № 55846)

000 -ლიდერი
ფიქსირებული სიგრძის საკონტროლო ველი 01243nam a2200241Ia 4500
001 - საკონტროლო ნომერი
საკონტროლო ველი 22943
003 - საკონტროლო ნომრის იდენტიფიკატორი
საკონტროლო ველი GE_BSU
005 - ბოლო ოპერაციის თარიღი და დრო
საკონტროლო ველი 20230607103107.0
008 - ფიქსირებული სიგრძის მონაცემთა ელემენტები - ზოგადი ინფორმაცია
ფიქსირებული სიგრძის საკონტროლო ველი 181216s ||||ge |||||||||||||| ||geo||
040 ## - კატალოგიზაციის წყარო
Transcribing agency GE_BSU
041 ## - ენის კოდი
Language code of text/sound track or separate title geo
080 ## - უნივერსალური ათობითი კლასიფიკაციის ინდექსი
Universal Decimal Classification number 821.353.1(092):091(=353.1) კ-76
245 ## - ცნობა სათაურის შესახებ
Title კორნელი კეკელიძის პირადი არქივის აღწერილობა = Описание личного архива К.С.Кекелидзе /
Statement of responsibility, etc შემდგ. რ. კავილაძე.
264 ## - წარმოების, გამოცემის, დისტრიბუციის და სხვა ცნობები
გამოცემის, წარმოების, დისტრიბუციის... ადგილი თბილისი :
გამოცემის, წარმოების, დისტრიბუციის... სახელწოდება მეცნიერება,
გამოცემის, წარმოების, დისტრიბუციის... თარიღი 1979.
300 ## - ფიზიკური აღწერა
Extent 190 გვ. ;
Other physical details 9ფ. ილ. ;
Dimensions 21სმ.
653 ## - INDEX TERM--UNCONTROLLED
Uncontrolled term კორნელი კეკელიძის პირადი არქივის აღწერილობა
653 ## - INDEX TERM--UNCONTROLLED
Uncontrolled term პირადი არქივები
653 ## - INDEX TERM--UNCONTROLLED
Uncontrolled term ქართველი ლიტერატურათმცოდნეები
700 ## - ADDED ENTRY--PERSONAL NAME
Personal name კავილაძე, რ.
Relator term შემდგენელი
9 (RLIN) 18520
710 ## - ADDED ENTRY--CORPORATE NAME
Corporate name or jurisdiction name as entry element კ. კეკელიძის სახელობის ხელნაწერთა ინსტიტუტი
9 (RLIN) 18521
942 ## - ADDED ENTRY ELEMENTS (KOHA)
Koha item type წიგნი
Source of classification or shelving scheme
ეგზემპლარები
ჩამოწერის სტატუსი დაკარგული ეგზემპლარის სტატუსი კლასიფიკაციის წყარო ან თაროზე გაწყობის სქემა დაზიანების სტატუსი არ გაიცემა მუდმივი მდებარეობა (დაცვის ადგილი) ამჟამინდელი ადგილსამყოფელი თაროზე განთავსების ადგილი შეძენის თარიღი ღირებულება, შესყიდვის ნორმალური ფასი სრული შენახვის შიფრი შტრიხკოდი ბოლო ოპერაციის თარიღი ეგზემპლარის მიმდევრობითი ნომერი (კეტერი?) ფასის ძალაში შესვლის თარიღი ეგზემპლარის სახეობა საჯარო შენიშვნა
          ბათუმის შოთა რუსთაველის სახელმწიფო უნივერსიტეტის მთავარი ბიბლიოთეკა ბათუმის შოთა რუსთაველის სახელმწიფო უნივერსიტეტის მთავარი ბიბლიოთეკა წიგნსაცავი 2018-12-17 7.00 821.353.1(092):091(=353.1) კ-76 58362 2018-12-17 58362 2018-12-17 წიგნი 7.00 ₾.